000 00388nam a22001457a 4500
005 20200606133415.0
008 200606b xxu||||| |||| 00| 0 eng d
082 _a345.4
110 _aALL INDIA REPORTER
_95797
245 _aALL INDIA REPORTER 2006 (V-93) ALLAHABAD SECTION
260 _aMUMBAI
_bALL INDIA REPORTER PVT, LTD
300 _a416;p
650 _aLAW
_95701
942 _cJRL
999 _c6865
_d6863